Statistics for Guess all active U.S. Military Aircraft - US Army

Click here to take the quiz!

General Stats

  • This quiz has been taken 12 times
  • The average score is 5 of 17

Answer Stats

HintAnswers% Correct
AH-64Apache
82%
CH-47FChinook
82%
UH-60Blackhawk
73%
MH/AH-6MLittle Bird
45%
C-12Huron
27%
UH-72ALakota
27%
RQ-20Puma
27%
MQ-1CGray Eagle
18%
RQ-11Raven
18%
RQ-7BShadow
18%
C-27JSpartan
18%
Cl-650ARTEMIS
9%
C-26EMetroliner
9%
CQ-10Snowgoose
9%
C-31ATroopship
9%
C-41Aviocar
0%
C-12JBeechcraft
0%

Score Distribution

Percentile by Number Answered

Percent of People with Each Score

Your Score History

You have not taken this quiz